01705cam a22004814i 4500003000900000005001700009008004100026020001500067035002700082040003300109082001800142100003200160245008800192264005500280300003800335336002100373337002500394338002300419504002800442505055000470526001001020526001001030526001001040526001001050526001001060526000901070526000901079526000901088526000901097526000901106526000901115526000901124526000901133526000901142526000901151526000801160526000801168526000801176526000801184526000801192526000801200650001501208PE-LiUPU20250731170430.0150623s r 000 0 d a0801037875 a(Sirsi) i9780801037870 aPE-LiUPUbspacPE-LiUPUerda04a144.bG342211 aGeisler, Norman L.,eautor.10aIs man the measure? :ban evaluation of contemporary humanism /cNorman L. Geisler. 1aGrand Rapids, Michigan :bBaker Book House,c1983. a206 páginas ;c21 centímetros atext2rdacontent aunmediated2rdamedia avolume2rdacarrier aIncluye bibliografía.0 aAn exposition of contemporary humanism: Evolutionary humanism. Behavioral humanism. Existential humanism. Pragmatic humanism. Marxist humanism. Egocentric humanism. Cultural humanism. Christian humanism. An evaluation of contemporary humanism: Secular humanism. The helpful emphases of secular humanism. The scientific inadequacies of secular humanism. The internal inconsistencies of secular humanism. The religious inadequacies of secular humanism. The philosophical insufficiency of secular humanism. The social arrogance of secular humanism. aSEG68 aSEG70 aSEG69 aSEG67 aSEG43 aP144 aP143 aP131 aP122 aP120 aP117 aP112 aP110 aP106 aP101 aP80 aP59 aP54 aP35 aP33 aP3004aHumanismo.